000 01405nam0a22003011 4500
001 rc\3031224
005 20250530020419.0
035 _a(NLR Aleph) 007172149
090 _a7356974
_c7356974
100 _a20111001d1940 |||y0rusy50 ca
101 0 _arus
102 _aRU
105 _ay z |||||
200 1 _aРуководство по бухгалтерскому учету на предприятиях сыродельной промышленности
_fНар. ком. мяс. и молоч. пром-сти СССР, Гл. упр. сыродел. пром-сти
210 _aМосква
_cЗаготиздат
_d1940
215 _a196 с.
_d21 см
300 _aНа 3-й с.: "В работах по составлению руководства принимали участие: А.П. Бабошкин, К.В. Ванина, Д.М. Брудный и Г.А. Мен"
421 0 _12001#$aДополнения ...
_1210##$d1940
_1215##$a12 с.$cтабл.
_tДополнения ...
702 1 _aБабошкин
_bА.П.
_4570
702 1 _aВанина
_bК.В.
_4570
702 1 _aБрудный
_bД.М.
_4570
702 1 _aМен
_bГ.А.
_4570
712 0 1 _aСССР
_bГлавное управление сыроваренной промышленности
_4570
801 0 _aRU
_bNLR
_gpsbo
801 1 _aRU
_bELAR
_2rusmarc
852 _aNLR
_bЭ
_j90 В-3/9
942 _cBOOK
980 _aNB